000 00748nam a2200253 i 4500
003 DO-SdBNP
005 20240320093319.0
007 ta
008 240320b190? dr a|||| |||| 00| 0 spa d
040 _aDO-SdBNP
_bspa
_cBNPHU
_erda
082 4 _222
_bS572g
100 _aSierra, Jimmy
_910026
_eautor
245 1 0 _aLa guerra de abril /
_cJimmy Sierra
264 _aSanto Domingo :
_bEdiciones la Causa,
_cfecha no identificada.
300 _a48 páginas :
_bilustraciones ;
_c27 cm.
336 _2rdacontent
_atexto
_btxt
337 _2rdamedia
_asin mediación
_bn
338 _2rdacarrier
_avolumen
_bnc
590 _aInventariado, 2024/DG
700 _9172
700 1 _aCassá, Roberto,
_epresentación
_981564
910 _aDG
942 _2ddc
_cLF2
999 _c56152
_d56152